| 000 | 00408nam a2200133Ia 4500 | ||
|---|---|---|---|
| 008 | 200626s9999 xx 000 0 und d | ||
| 020 | _a0-13-187741-0 | ||
| 100 | _aGrauer, Robert T. | ||
| 245 |
_cRobert T. Grauer, Maryann Barber.-- _aMicrosoft office: _bAccess 2003:/ |
||
| 250 | _aRevised ed. | ||
| 260 |
_aNew Jersey: _bPearson Education, Inc. _c2006 |
||
| 300 | _axx, 716 pages | ||
| 500 | _aIncludes Index | ||
| 999 |
_c363862 _d363862 |
||